000 00742nam a2200277Ia 4500
001 7927
005 20240113234042.0
007 ta
008 050714s1996 a g b000 u eng u
020 _a0-521-56866-8
040 _aCotton College,Assam
041 _aeng
082 _a581.15
_bHa 31 Ge
100 _aHawkins, John D. .
245 0 _aGene Structure and Expression /
_cJohn D. Hawkins.
_hTextual Documents
250 _a3rd ed /
260 _aCambridge :
_bCambridge University Press ,
_c1996.
300 _axiv, 212p. :
_bill ;
_c23cm. .
504 _aIndex
653 _aBotany
653 _aGenetics
653 _aGene, Structure & Expression
942 _2ddc
_cBK
999 _c7914
_d7914